000 01066nam a2200265Ia 4500
008 130821s1999 sp gs spa
020 _a8489763569
040 _aCo-BoUCM
_bspa
041 0 0 _aspa
092 _aCD 0096
110 _aFundación Histórica Tavera
245 0 0 _aJuegos fiestas y diversiones Textos históricos
_cCompilador, Ángel López Cantos.
260 _aMadrid (España)
_bLa Fundación
_c1999
300 _a1 CD-ROM
490 _aColección Clásicos Tavera.
_v29
_aSerie V. Temática para la historia de España
505 _a47 documentos sobre la historia de los juegos y iversiones de varios autores.
650 0 4 _aEspectáculos populares
_xHistoria
_zEspaña
_vCD-ROM
_914920
650 0 4 _aFestivales
_xHistoria
_zEspaña
_vCD-ROM
_915657
650 0 4 _aHistoria de Europa
_926509
650 0 4 _aJuegos
_xHistoria
_zEspaña
_vCD-ROM
_918120
651 _aEspaña
_xVida social y costumbres
_xHistoria
_vCD-ROM
_926943
700 _aLópez Cantos, ángel
_Ecomp.
710 _aBiblioteca Nacional de España
942 _cMULTIMEDIA
_2LOCAL
_a21
_e1
999 _c30759
_d30759